000 01743nam0a2200337 i 4500
001 RU\NLR\bibl\1977349
005 20241103121508.0
010 _a9785925702338
_962
021 _aRU
_b2012-89468
_96613
035 _a(nilc)RSL-KNO-005572175
035 _a(NLR Aleph) 001966112
090 _a3892003
_c3892003
100 _a20121126d2012 u y0rusy50 ca
101 0 _arus
102 _aRU
105 _ay |||||||||
200 1 _aМенеджмент
_eучебное пособие для студентов, обучающихся по экономическим направлениям и специальностям
_fВ. Н. Клюковкин
_gМ-во образования и науки РФ, Бийский технологический ин-т (фил.) федерального гос. бюджетного образовательного учреждения высш. проф. образования "Алтайский гос. технический ун-т им. И. И. Ползунова"
210 _aБийск
_cИзд-во Алтайского гос. технического ун-та им. И. И. Ползунова
_d2012
215 _a203 с.
_cил., табл.
_d20
320 _aБиблиогр.: с. 202-203
606 _aМенеджмент
_jУчебные издания для высших учебных заведений
_91566100
_3RU\NLR\auth\66685658
686 _aУ9(2)212я73-1
_2rubbk
686 _aУ21(0)я73
700 1 _aКлюковкин
_bВ. Н.
_gВалерий Николаевич
_4070
801 0 _aRU
_bRuMoRKP
_c20121126
_grcr
801 1 _aRU
_bРГБ
_c20121126
801 2 _aRU
_bNLR
_c20121207
_grcr
830 _aпо кн
942 _cBOOK
980 _aNBR